Návrh a pevnostná analýza prevodky riadenia pretekárského športového vozidla
Uložené v:
| Hlavný autor: | |
|---|---|
| Ďalší autori: | |
| Médium: | Rukopis Kniha |
| Jazyk: | Slovak |
| Vydavateľské údaje: |
2018
|
| Predmet: | |
| On-line prístup: | http://is.stuba.sk/zp/portal_zp.pl?podrobnosti=126090 |
| Tagy: |
Žiadne tagy, Buďte prvý, kto otaguje tento záznam!
|
MARC
| LEADER | 00000ntm a22000003a 4500 | ||
|---|---|---|---|
| 001 | stuzp69866 | ||
| 003 | SK-STU | ||
| 005 | 20180820161805.9 | ||
| 007 | ta | ||
| 008 | 150427s2015----xo-----f-mn---000-0-slo-d | ||
| 040 | |a STU |b slo | ||
| 041 | 0 | |a slo | |
| 100 | 1 | |a Palaj, Martin |u 020010 |4 aut |U SjF Strojnícka fakulta |T SjF Ústav aplikovanej mechaniky a mechatroniky |X 81746 |U J0010 |Y 801 |7 81746 | |
| 242 | 0 | 1 | |a Design and stress-strain analysis of steering rack of racing sport vehicle |y eng |
| 245 | 1 | 0 | |a Návrh a pevnostná analýza prevodky riadenia pretekárského športového vozidla |
| 260 | |c 2018 | ||
| 650 | 4 | |a Prevodka riadenia |2 slo | |
| 650 | 4 | |a športové vozidlo |2 slo | |
| 650 | 4 | |a riadenie |2 slo | |
| 650 | 4 | |a Ansys |2 slo | |
| 650 | 4 | |a Steering rack |2 eng | |
| 650 | 4 | |a racing car |2 eng | |
| 650 | 4 | |a Ansys |2 eng | |
| 650 | 4 | |a steering |2 eng | |
| 700 | 1 | |a Jančo, Roland |u 020010 |k Z1 |4 ths |U SjF Strojnícka fakulta |T SjF Ústav aplikovanej mechaniky a mechatroniky |X 2227 |U J0010 |Y 801 |7 A000002227 | |
| 856 | 4 | |u http://is.stuba.sk/zp/portal_zp.pl?podrobnosti=126090 | |
| 996 | |b 284J046890 |c J* 3390/DBP |l JJSK |s A |a 24 |w stuzp69866_0001 | ||